banner-ar

الفيلسوف أم الكلب ? (هدية من الاديب عبدالفتاح الجمل) / (Record no. 40148)

MARC details
000 -الفاتح
حقل البيانات ثابتة الطول 00606nam a2200169Ia 4500
008 - عناصر البيانات ثابتة الطول - معلومات عامة
حقل البيانات ثابتة الطول 140319s9999 xx 000 0 ara d
040 ## - مصدر الفهرسة
وكالة الفهرسة الأصلية GCL /
وكالة النسخ GCL
082 04 - رقم تصنيف ديوى العشرى
رقم التصنيف 870.03
رقم المادة م ف
100 1# - المدخل الرئيسى - إسم شخصى
الإسم الشخصى سامى الدروبى (مترجم)
245 10 - بيان العنوان
العنوان الفيلسوف أم الكلب ? (هدية من الاديب عبدالفتاح الجمل) /
بيان المسئوليه,etc سامى الدروبى (مترجم)
700 1# - المدخل الاضافى - اسم شخصى
الإسم الشخصى دوأسيس، ماشارو
490 ## - بيان السلسلة
عنوان السلسلة روايات الهلال
رقم المجلد/ التعيين التسلسلي 0
650 04 - المدخل الاضافى بالموضوع-مصطلح موضوعى
مصطلح موضوعي الادب البرازيلى المترجم
650 04 - المدخل الاضافى بالموضوع-مصطلح موضوعى
مصطلح موضوعي القصة البرزايلى
942 ## - عناصر المدخل الإضافي( كوها)
مصدر التصنيف او مخطط الترفيف Dewey Decimal Classification
Koha [default] item type كتاب
Holdings
حالة التراجع حالة الفقد حالة تلف ليس للاعارة المكان المؤقت الموقع الحالى تاريخ الاكتساب اجمالي اﻻعارات رقم الطلب الباركود تاريخ اخر مشاهدة تاريخ تفعيل السعر نوع وعاء كوها
        مكتبة القاهرة الكبرى مكتبة القاهرة الكبرى 03/26/2014   870.03\م ف 97547 03/26/2014 03/26/2014 كتاب
        مكتبة القاهرة الكبرى مكتبة القاهرة الكبرى 03/26/2014   870.03\م ف 97548 03/26/2014 03/26/2014 كتاب

Powered By

EGPV